[Event "EU-chT Seniors 15th"]
[Site "Dresden"]
[Date "2013.07.27"]
[Round "8"]
[White "Pusch, Hermann"]
[Black "Patola, Eero"]
[Result "1/2-1/2"]
[WhiteElo "2139"]
[BlackElo "1947"]
[PlyCount "133"]
[EventDate "2013.07.20"]
[EventType "team-swiss"]
[EventRounds "9"]
[EventCountry "GER"]
[SourceTitle "CBM 155 Extra"]
[Source "ChessBase"]
[SourceDate "2013.08.26"]
[SourceVersion "1"]
[SourceVersionDate "2013.08.26"]
[SourceQuality "1"]
[WhiteTeam "Rheno Palatinat"]
[BlackTeam "Helsinki"]
[WhiteTeamCountry "GER"]
[BlackTeamCountry "FIN"]

1. e4 d5 2. exd5 Qxd5 3. Nf3 Nf6 4. Nc3 Qa5 5. d4 Ne4 6. Bd2 Nxd2 7. Qxd2 e6 8. Bc4 Nd7 9. 0-0 Nf6 10. a3 c6 11. Rfe1 Be7 12. Rad1 0-0 13. d5 cxd5 14. Nxd5 Qd8 15. Nxe7+ Qxe7 16. Ne5 b6 17. Qg5 h6 18. Qh4 Nd5 19. Qg3 Nf6 20. b4 Ne8 21. Bb5 Nf6 22. Qh4 Nd5 23. Qg3 Qg5 24. Qxg5 hxg5 25. Bc6 Rb8 26. Bxd5 exd5 27. Rxd5 Be6 28. Rd2 Rbc8 29. h3 Rc3 30. Nf3 Bxh3 31. Nxg5 Bf5 32. Re3 Rxe3 33. fxe3 Rc8 34. e4 Bg4 35. Kf2 f6 36. Kg3 Bh5 37. Nf3 Rc3 38. Rd3 Rxc2 39. Nd4 Rc4 40. Nb5 a5 41. bxa5 bxa5 42. Nd6 Rc6 43. Nf5 Rc7 44. Kf4 Ra7 45. g4 Bg6 46. Rd5 Bxf5 47. Kxf5 Kf7 48. g5 fxg5 49. Rb5 g4 50. Kxg4 Ke6 51. Kf4 a4 52. Rb6+ Ke7 53. Kf5 Kf7 54. e5 Ke7 55. Rg6 Ke8 56. Rg4 Ra5 57. Rb4 Ra7 58. Rd4 Kf7 59. Rd6 Ke7 60. Rb6 Kf7 61. e6+ Ke7 62. Rb5 Kf8 63. Ke5 Ke7 64. Kd5 g5 65. Ke5 g4 66. Rb4 Ra5+ 67. Kf4 1/2-1/2

[Event "EU-chT Seniors 15th"]
[Site "Dresden"]
[Date "2013.07.20"]
[Round "1"]
[White "Birnboim, Nathan"]
[Black "Pusch, Hermann"]
[Result "1-0"]
[WhiteElo "2356"]
[BlackElo "2139"]
[PlyCount "73"]
[EventDate "2013.07.20"]
[EventType "team-swiss"]
[EventRounds "9"]
[EventCountry "GER"]
[SourceTitle "CBM 155 Extra"]
[Source "ChessBase"]
[SourceDate "2013.08.26"]
[SourceVersion "1"]
[SourceVersionDate "2013.08.26"]
[SourceQuality "1"]
[WhiteTeam "Israel"]
[BlackTeam "Rheno Palatinat"]
[WhiteTeamCountry "ISR"]
[BlackTeamCountry "GER"]

1. d4 Nf6 2. c4 g6 3. g3 Bg7 4. Bg2 0-0 5. Nc3 d6 6. Nf3 Nbd7 7. 0-0 c5 8. d5 Ng4 9. Qc2 Nde5 10. Nd2 f5 11. e3 Bh6 12. Re1 Qe8 13. f4 Nf7 14. b3 Bd7 15. Bb2 Bg7 16. a4 Rb8 17. a5 b5 18. cxb5 Bxb5 19. Nxb5 Qxb5 20. Bxg7 Kxg7 21. e4 Nfh6 22. Bf1 Qd7 23. Bh3 Kg8 24. Nf3 a6 25. Ng5 c4 26. bxc4 Qa7+ 27. Kh1 Rb4 28. Bxg4 Nxg4 29. exf5 gxf5 30. h3 Nf2+ 31. Kg2 Qd4 32. Ne6 Qf6 33. Rab1 Rfb8 34. Rxb4 Rxb4 35. Qxf2 Rb2 36. Re2 Rb1 37. Qa7 1-0

[Event "GER-chT Seniors 19th"]
[Site "Eckernfoerde"]
[Date "2010.09.19"]
[Round "7.3"]
[White "Biller, Helmut"]
[Black "Pusch, Hermann"]
[Result "0-1"]
[WhiteElo "1988"]
[BlackElo "1962"]
[PlyCount "78"]
[EventDate "2010.09.13"]
[EventType "team-swiss"]
[EventRounds "7"]
[EventCountry "GER"]
[SourceTitle "EXT 2011"]
[Source "ChessBase"]
[SourceDate "2010.11.26"]
[SourceVersion "1"]
[SourceVersionDate "2010.11.26"]
[SourceQuality "1"]
[WhiteTeam "Hessen II"]
[BlackTeam "Rheinland Pfalz"]
[WhiteTeamCountry "GER"]
[BlackTeamCountry "GER"]

1. d4 Nf6 2. c4 g6 3. Nc3 d5 4. cxd5 Nxd5 5. e4 Nxc3 6. bxc3 Bg7 7. Nf3 c5 8. Bb5+ Bd7 9. Bxd7+ Qxd7 10. Be3 Nc6 11. Rc1 0-0 12. d5 Ne5 13. Nxe5 Bxe5 14. Bxc5 Rac8 15. Bd4 Bxd4 16. Qxd4 Qb5 17. c4 Qa4 18. 0-0 b5 19. Qe5 bxc4 20. Qxe7 Rfe8 21. Qb7 c3 22. f3 c2 23. Qb3 Qd4+ 24. Rf2 Rc3 25. Qb2 Rec8 26. g3 g5 27. g4 R8c4 28. a3 Qd3 29. Kg2 h5 30. h3 h4 31. Qb8+ Rc8 32. Qxa7 Qd1 33. Rf1 Qd2+ 34. Qf2 Qf4 35. Kg1 Rd3 36. Qh2 Qxc1 37. Rxc1 Rd1+ 38. Kg2 Rxc1 39. d6 Rd1 0-1

[Event "GER-chT Seniors 18th"]
[Site "Finsterbergen"]
[Date "2009.09.13"]
[Round "2"]
[White "Pusch, Hermann"]
[Black "Hamm, Georg"]
[Result "1/2-1/2"]
[WhiteElo "2143"]
[BlackElo "2111"]
[PlyCount "44"]
[EventDate "2009.09.12"]
[EventType "team-swiss"]
[EventRounds "7"]
[EventCountry "GER"]
[SourceTitle "CBM 132 Extra"]
[Source "ChessBase"]
[SourceDate "2009.11.03"]
[SourceVersion "1"]
[SourceVersionDate "2009.11.03"]
[SourceQuality "1"]

1. e4 d6 2. d4 Nf6 3. Bc4 Nxe4 4. Bxf7+ Kxf7 5. Qh5+ Kg8 6. Qd5+ e6 7. Qxe4 Qf6 8. Nf3 Qf5 9. Qe2 Be7 10. 0-0 Na6 11. Na3 Bd7 12. c4 Nb4 13. Bd2 Nd3 14. Be3 Nf4 15. Bxf4 Qxf4 16. Nb5 Bd8 17. Nc3 g6 18. Rac1 Kg7 19. Rfe1 Rf8 20. Qd3 a6 21. Re4 Qf7 22. Qe2 h6 1/2-1/2

[Event "Karl Mala Memorial op 12th"]
[Site "Frankfurt"]
[Date "2009.07.18"]
[Round "4"]
[White "Grienitz Dechau, Kai Oliver"]
[Black "Pusch, Hermann"]
[Result "1/2-1/2"]
[WhiteElo "1968"]
[BlackElo "2143"]
[PlyCount "51"]
[EventDate "2009.07.16"]
[EventType "swiss"]
[EventRounds "7"]
[EventCountry "GER"]
[SourceTitle "EXT 2010"]
[Source "ChessBase"]
[SourceDate "2010.11.25"]
[SourceVersion "1"]
[SourceVersionDate "2010.11.25"]
[SourceQuality "1"]

1. e4 c5 2. Nf3 Nc6 3. d4 cxd4 4. Nxd4 e5 5. Nb5 Nf6 6. N1c3 Bb4 7. a3 Bxc3+ 8. Nxc3 0-0 9. Bg5 h6 10. Bh4 Nd4 11. Be2 d6 12. 0-0 Be6 13. Kh1 g5 14. Bg3 Rc8 15. Bd3 Qb6 16. Rb1 Kg7 17. f3 Nh5 18. Bf2 Nf4 19. Ne2 Nxd3 20. Qxd3 Bc4 21. Qd2 Bxe2 22. Bxd4 Qa6 23. Rfe1 Bc4 24. Be3 f6 25. b3 Be6 26. a4 1/2-1/2

[Event "GER-chT Seniors 17th"]
[Site "Berlin"]
[Date "2008.09.06"]
[Round "7"]
[White "Niebuhr, Gerd"]
[Black "Pusch, Hermann"]
[Result "0-1"]
[WhiteElo "2062"]
[BlackElo "2137"]
[PlyCount "82"]
[EventDate "2008.08.31"]
[EventType "team-swiss"]
[EventRounds "7"]
[EventCountry "GER"]
[SourceTitle "CBM 126 Extra"]
[Source "ChessBase"]
[SourceDate "2008.11.05"]
[SourceVersion "1"]
[SourceVersionDate "2008.11.05"]
[SourceQuality "1"]

1. d4 Nf6 2. c4 g6 3. Nc3 d5 4. cxd5 Nxd5 5. Bd2 Bg7 6. Nf3 0-0 7. Rc1 c6 8. e4 Nf6 9. Be2 Nbd7 10. 0-0 Re8 11. e5 Nd5 12. Ng5 Nf8 13. Bc4 h6 14. Nge4 Nb6 15. Bb3 Qxd4 16. Qf3 Be6 17. Be3 Qxe5 18. Nc5 Bxb3 19. axb3 Qc7 20. N3e4 Nd5 21. Rcd1 Rad8 22. Bc1 b6 23. Nd3 Ne6 24. Qh3 Nef4 25. Nxf4 Nxf4 26. Qf3 Nd5 27. h4 Nb4 28. h5 g5 29. Qf5 Qe5 30. Qf3 Nc2 31. Ng3 Nd4 32. Qe3 e6 33. f4 gxf4 34. Qxf4 Qxf4 35. Bxf4 Nxb3 36. Ne4 Rd5 37. g4 Red8 38. Rxd5 cxd5 39. Nd6 e5 40. Nxf7 Kxf7 41. Bxe5+ Kg8 0-1

[Event "GER-chT Seniors 17th"]
[Site "Berlin"]
[Date "2008.08.31"]
[Round "1"]
[White "Striebich, Rudolf"]
[Black "Pusch, Hermann"]
[Result "1-0"]
[WhiteElo "2189"]
[BlackElo "2137"]
[PlyCount "105"]
[EventDate "2008.08.31"]
[EventType "team-swiss"]
[EventRounds "7"]
[EventCountry "GER"]
[SourceTitle "CBM 126 Extra"]
[Source "ChessBase"]
[SourceDate "2008.11.05"]
[SourceVersion "1"]
[SourceVersionDate "2008.11.05"]
[SourceQuality "1"]

1. g3 Nf6 2. Bg2 d5 3. Nf3 Nbd7 4. 0-0 e5 5. d3 Bd6 6. Nbd2 0-0 7. e4 c6 8. b3 Re8 9. Bb2 Qe7 10. h3 Ba3 11. Qc1 Bxb2 12. Qxb2 dxe4 13. dxe4 b5 14. Rfe1 a5 15. a3 c5 16. Bf1 Rb8 17. a4 b4 18. Nc4 Bb7 19. Nfd2 Ra8 20. Bg2 Nh5 21. Rad1 Ra6 22. Nf1 Nb6 23. Nfe3 Nxc4 24. Nxc4 Qc7 25. Rd2 h6 26. Red1 Nf6 27. f3 Kh7 28. Bf1 Rae6 29. Ne3 R6e7 30. Bc4 g6 31. Rd3 Bc8 32. Kh2 Rd7 33. Qc1 Rd4 34. c3 bxc3 35. Qxc3 Red8 36. Bd5 Ba6 37. Rxd4 exd4 38. Rxd4 Nh5 39. f4 Nxf4 40. Rd2 Ne2 41. Rxe2 Bxe2 42. Qf6 Rd7 43. Qb2 Bh5 44. Kg2 f5 45. g4 fxg4 46. hxg4 Rg7 47. Qf2 Qe7 48. gxh5 Qg5+ 49. Qg3 Qf6 50. e5 Qd8 51. Be4 Kh8 52. Bxg6 Qd2+ 53. Qf2 1-0

[Event "Ruhrgebiet VL2 0405"]
[Site "Ruhrgebiet"]
[Date "2004.09.12"]
[Round "1.3"]
[White "Mueller, Frank"]
[Black "Pusch, Hermann"]
[Result "1-0"]
[WhiteElo "2027"]
[BlackElo "1987"]
[PlyCount "115"]
[EventDate "2004.09.12"]
[EventType "team-tourn"]
[EventRounds "9"]
[EventCountry "GER"]
[SourceTitle "EXT 2006"]
[Source "ChessBase"]
[SourceDate "2005.11.24"]
[SourceVersion "1"]
[SourceVersionDate "2005.11.24"]
[SourceQuality "1"]
[WhiteTeam "Castrop Rauxel II"]
[BlackTeam "Bochum Post"]
[WhiteTeamCountry "GER"]
[BlackTeamCountry "GER"]

1. e4 c5 2. Nf3 Nc6 3. Bb5 e5 4. 0-0 d6 5. h3 Be7 6. c3 Qb6 7. Ba4 Bd7 8. d3 h6 9. Na3 Nf6 10. Be3 Qc7 11. Bc2 0-0 12. d4 Nd8 13. d5 b5 14. Rc1 Ne8 15. Nh2 g5 16. Qh5 Kg7 17. Ng4 Rh8 18. g3 Qc8 19. f4 Bxg4 20. Qxg4 Qxg4 21. hxg4 Nf6 22. fxg5 Nxg4 23. gxh6+ Kg6 24. Bd2 a6 25. Bd1 Nxh6 26. Nc2 Nb7 27. Be2 Raf8 28. Kg2 Bg5 29. Bxg5 Kxg5 30. Ne3 f5 31. exf5 Nxf5 32. Nxf5 Rxf5 33. Rxf5+ Kxf5 34. Bd3+ Kf6 35. b4 Rc8 36. Rf1+ Kg7 37. Bf5 Rc7 38. Rf2 a5 39. a3 axb4 40. axb4 Nd8 41. Ra2 cxb4 42. cxb4 Rc4 43. Ra8 Nf7 44. Be6 Ng5 45. Ra7+ Kf6 46. Rd7 Rxb4 47. Rxd6 Rb2+ 48. Kf1 Ne4 49. Rb6 Nxg3+ 50. Ke1 Ke7 51. Bg4 Rb4 52. d6+ Kf7 53. d7 Rd4 54. Rb8 Re4+ 55. Kf2 Nh1+ 56. Kf3 Rf4+ 57. Ke3 Nf2 58. Bh5+ 1-0

[Event "Langendreer/Werne op"]
[Site "Bochum"]
[Date "2004.04.14"]
[Round "5"]
[White "Loeffelbein, Klaus"]
[Black "Pusch, Hermann"]
[Result "0-1"]
[WhiteElo "1937"]
[BlackElo "1962"]
[PlyCount "68"]
[EventDate "2004.03.17"]
[EventType "swiss"]
[EventRounds "7"]
[EventCountry "GER"]
[SourceTitle "EXT 2006"]
[Source "ChessBase"]
[SourceDate "2005.11.24"]
[SourceVersion "1"]
[SourceVersionDate "2005.11.24"]
[SourceQuality "1"]

1. d4 c5 2. d5 d6 3. c4 g6 4. Nf3 Bg7 5. Qc2 Na6 6. Nc3 f5 7. a3 Nf6 8. Rb1 Nc7 9. b4 cxb4 10. axb4 b5 11. e3 bxc4 12. Bxc4 Bb7 13. Nd4 0-0 14. Bb2 Ng4 15. Rd1 Rc8 16. Qa4 f4 17. e4 Ne8 18. Be2 Qb6 19. Bxg4 Bxd4 20. Be6+ Kg7 21. Rxd4 Nf6 22. Bxc8 Bxc8 23. Rd3 Ng4 24. 0-0 Kg8 25. b5 Ne5 26. Qd4 Nxd3 27. Qxd3 Bd7 28. Ra1 Rc8 29. h3 Qc5 30. Re1 Qb4 31. Re2 Rc4 32. Qf3 Bxb5 33. Nxb5 Qxb5 34. Qd3 Rc1+ 0-1

[Event "Ruhrgebiet VL2 0304"]
[Site "Ruhrgebiet"]
[Date "2004.01.11"]
[Round "5.3"]
[White "Rickert, Stefan"]
[Black "Pusch, Hermann"]
[Result "1-0"]
[WhiteElo "2032"]
[BlackElo "1968"]
[PlyCount "113"]
[EventDate "2003.09.28"]
[EventType "team-tourn"]
[EventRounds "9"]
[EventCountry "GER"]
[SourceTitle "EXT 2007"]
[Source "ChessBase"]
[SourceDate "2006.11.23"]
[SourceVersion "1"]
[SourceVersionDate "2006.11.23"]
[SourceQuality "1"]
[WhiteTeam "Gladbeck SG"]
[BlackTeam "Bochum Post"]
[WhiteTeamCountry "GER"]
[BlackTeamCountry "GER"]

1. c4 Nf6 2. Nc3 d5 3. cxd5 Nxd5 4. e4 Nxc3 5. bxc3 g6 6. Bc4 Bg7 7. d4 c5 8. Ne2 cxd4 9. cxd4 Qa5+ 10. Bd2 Qa3 11. Rb1 Nc6 12. d5 Ne5 13. Bb4 Qf3 14. Qa4+ Bd7 15. Qxd7+ Kxd7 16. Bb5+ Kc7 17. gxf3 a6 18. Ba4 b5 19. Ba5+ Kd7 20. Bb3 Nxf3+ 21. Kf1 g5 22. Ng3 Rac8 23. Nf5 Bf6 24. Kg2 g4 25. h3 h5 26. hxg4 hxg4 27. Rxh8 Rxh8 28. Rh1 Rc8 29. Ne3 Nh4+ 30. Kf1 Nf3 31. Ke2 Rg8 32. Rc1 Be5 33. Nf5 Bf4 34. Rc6 e6 35. dxe6+ Kxc6 36. Ne7+ Kc5 37. Nxg8 fxe6 38. Nf6 Nd4+ 39. Kd3 Nxb3 40. axb3 g3 41. fxg3 Bxg3 42. Nd7+ Kc6 43. Nf8 Kd6 44. Bb4+ Kc6 45. Nxe6 Kb6 46. Bc5+ Kc6 47. b4 Be1 48. Nd4+ Kc7 49. Nb3 Kc6 50. Na5+ Kd7 51. Kd4 Ke6 52. Nc6 Bf2+ 53. Kd3 Bg3 54. Bb6 Bd6 55. Ba5 Bg3 56. Nd4+ Kd7 57. Nb3 1-0

[Event "Bochum-ch"]
[Site "Bochum"]
[Date "2002.11.20"]
[Round "5"]
[White "Jellinghaus, Lars"]
[Black "Pusch, Hermann"]
[Result "1/2-1/2"]
[WhiteElo "2208"]
[BlackElo "2137"]
[PlyCount "203"]
[EventDate "2002.10.23"]
[EventType "swiss"]
[EventRounds "9"]
[EventCountry "GER"]
[SourceTitle "EXT 2006"]
[Source "ChessBase"]
[SourceDate "2005.11.24"]
[SourceVersion "1"]
[SourceVersionDate "2005.11.24"]
[SourceQuality "1"]

1. d4 c5 2. d5 e5 3. e4 Nf6 4. Nc3 d6 5. Nf3 Be7 6. Be2 0-0 7. 0-0 Bd7 8. Nd2 Ne8 9. a4 f5 10. exf5 Bxf5 11. Nde4 Nd7 12. Bd3 Nc7 13. Ng3 Bxd3 14. Qxd3 Kh8 15. Nce4 c4 16. Qxc4 Nb6 17. Qb3 Nbxd5 18. c4 Nf4 19. Be3 Qc8 20. f3 d5 21. cxd5 Ncxd5 22. Rac1 Qb8 23. Bc5 b6 24. Bxe7 Nxe7 25. Rfd1 Nf5 26. Rd7 Nd4 27. Qc4 Qe8 28. Rc7 Qg6 29. Qf1 Nfe6 30. R7c4 Rad8 31. Kh1 h5 32. Ne2 Qxe4 33. fxe4 Rxf1+ 34. Rxf1 Nxe2 35. Rc6 N2d4 36. Rc3 Kg8 37. b4 Ne2 38. Rc2 N2d4 39. Rc3 a6 40. g3 Rd7 41. Rc8+ Rd8 42. Rxd8+ Nxd8 43. Rc1 N8c6 44. b5 axb5 45. axb5 Ne7 46. Rc7 Kf7 47. Rb7 Nxb5 48. Rxb6 Nd4 49. Kg2 Nec6 50. h4 Nd8 51. Kf2 N8e6 52. Rb7+ Kf6 53. Rb6 Ke7 54. Rb7+ Kd6 55. Rb8 Nc5 56. Ke3 Nd7 57. Rg8 Ne6 58. Ra8 Nf6 59. Ra6+ Kd7 60. Ra7+ Nc7 61. Kf3 Kd6 62. Ra5 Ng4 63. Ke2 Ne6 64. Ra6+ Kd7 65. Ra7+ Ke8 66. Ra5 Nd4+ 67. Kf1 Nb3 68. Ra8+ Kf7 69. Ra7+ Kg6 70. Ke2 Nc5 71. Kf3 Nf6 72. Ra5 Nfxe4 73. g4 hxg4+ 74. Kxg4 Nf6+ 75. Kf3 Ncd7 76. Ra7 Kh5 77. Kg3 Kg6 78. Kf3 Kf5 79. Ra5 Nf8 80. Ra7 g6 81. Ra5 Ne6 82. Ra6 e4+ 83. Kg3 Nh5+ 84. Kf2 Nhf4 85. Ra5+ Kg4 86. Ra4 Nd3+ 87. Ke3 Ndc5 88. Ra1 Kxh4 89. Rg1 g5 90. Rg2 g4 91. Kf2 Nf4 92. Rh2+ Nh3+ 93. Ke3 Kg3 94. Rc2 Ne6 95. Kxe4 Neg5+ 96. Ke3 Nf4 97. Rc5 Nge6 98. Rc4 Kh3 99. Kf2 g3+ 100. Kf3 g2 101. Rc1 Kh2 102. Rc2 1/2-1/2

[Event "Bochum-ch"]
[Site "Bochum"]
[Date "2002.10.30"]
[Round "2"]
[White "Pusch, Hermann"]
[Black "Gohla, Ulf"]
[Result "1-0"]
[WhiteElo "2137"]
[BlackElo "1991"]
[PlyCount "89"]
[EventDate "2002.10.23"]
[EventType "swiss"]
[EventRounds "9"]
[EventCountry "GER"]
[SourceTitle "EXT 2006"]
[Source "ChessBase"]
[SourceDate "2005.11.24"]
[SourceVersion "1"]
[SourceVersionDate "2005.11.24"]
[SourceQuality "1"]

1. e4 c6 2. d4 d5 3. Nc3 dxe4 4. Nxe4 Bf5 5. Ng3 Bg6 6. N1e2 h6 7. Nf4 Bh7 8. Bc4 e6 9. 0-0 Nf6 10. Re1 Qa5 11. Bd2 Bb4 12. Bxb4 Qxb4 13. Qe2 0-0 14. c3 Qd6 15. Qf3 Nbd7 16. Nxe6 Rfe8 17. Nf4 Nb6 18. Bd3 Nbd5 19. Bxh7+ Kxh7 20. Nd3 g6 21. Ne5 Re7 22. c4 Nb4 23. Qc3 c5 24. dxc5 Qxc5 25. Nf3 Rxe1+ 26. Rxe1 Nd7 27. Ne4 Qf8 28. Rd1 Re8 29. Nd6 Nxa2 30. Qa3 Re6 31. c5 b6 32. Qxa2 Nxc5 33. Nc4 Qe7 34. Ne3 Ne4 35. Qa3 b5 36. Qxe7 Rxe7 37. Nd5 Rb7 38. Nd4 b4 39. f3 Nc5 40. Nc6 b3 41. Nf6+ Kg7 42. Ne8+ Kf8 43. Rd8 Ne6 44. Ra8 Rd7 45. Nf6+ 1-0

[Event "Bochum-ch"]
[Site "Bochum"]
[Date "2001.10.29"]
[Round "2"]
[White "Skara, Milenko"]
[Black "Pusch, Hermann"]
[Result "0-1"]
[WhiteElo "1833"]
[BlackElo "2169"]
[PlyCount "96"]
[EventDate "2001.10.22"]
[EventType "swiss"]
[EventRounds "9"]
[EventCountry "GER"]
[SourceTitle "EXT 2006"]
[Source "ChessBase"]
[SourceDate "2005.11.24"]
[SourceVersion "1"]
[SourceVersionDate "2005.11.24"]
[SourceQuality "1"]

1. e4 c5 2. Nf3 Nc6 3. d4 cxd4 4. Nxd4 e5 5. Nb5 Nf6 6. N1c3 Bb4 7. a3 Bxc3+ 8. Nxc3 0-0 9. Bc4 d6 10. Bg5 h6 11. Bxf6 Qxf6 12. Qd2 Be6 13. Bd5 Nd4 14. Bxe6 fxe6 15. 0-0 Rac8 16. Rac1 Qg6 17. Kh1 Rf4 18. f3 Qg5 19. Nb1 d5 20. exd5 exd5 21. c3 Nf5 22. Qxd5+ Kh8 23. Rfe1 Re8 24. Rcd1 Rh4 25. Qd7 Re7 26. Qd8+ Kh7 27. Nd2 Qf4 28. Nf1 Ng3+ 29. Kg1 Nxf1 30. Kxf1 Rxh2 31. Qxe7 Qg3 32. Ke2 Rxg2+ 33. Kd3 Qxf3+ 34. Kc4 Rxb2 35. Qxe5 Qc6+ 36. Kd3 Qd7+ 37. Qd4 Qb5+ 38. c4 Qb3+ 39. Ke4 Qxa3 40. Qe5 Rf2 41. Kd4 Rf3 42. Qe4+ Kg8 43. Qd5+ Kh7 44. Qxb7 Rf4+ 45. Ke5 Qg3 46. Qb1+ Kg8 47. Rf1 Rxf1+ 48. Kd5 Qf3+ 0-1

[Event "NRW-ch"]
[Site "Dortmund"]
[Date "2001.10.08"]
[Round "3"]
[White "Koch, Alexander"]
[Black "Pusch, Hermann"]
[Result "0-1"]
[WhiteElo "2110"]
[BlackElo "2042"]
[PlyCount "70"]
[EventDate "2001.10.06"]
[EventType "tourn"]
[EventRounds "9"]
[EventCountry "GER"]
[SourceTitle "CBM 085 Extra"]
[Source "ChessBase"]
[SourceDate "2002.01.21"]
[SourceVersion "1"]
[SourceVersionDate "2002.01.21"]
[SourceQuality "1"]

1. e4 c5 2. Nc3 Nc6 3. f4 e6 4. Bc4 Nf6 5. e5 d5 6. Bb5 Nd7 7. Nf3 Qb6 8. f5 Be7 9. d3 Nd4 10. fxe6 Qxe6 11. 0-0 0-0 12. Bxd7 Bxd7 13. Bf4 Nf5 14. Qd2 Rac8 15. Rae1 b5 16. Bg5 b4 17. Ne2 Bxg5 18. Qxg5 h6 19. Qd2 Qb6 20. Kh1 d4 21. Nf4 Ne3 22. Rxe3 dxe3 23. Qxe3 Rfe8 24. Nh4 Qd8 25. Qf2 Rxe5 26. h3 Qf6 27. Nf3 Rf5 28. Nh2 g5 29. Nd5 Qd6 30. Qxf5 Bxf5 31. Rxf5 Kg7 32. Ng4 Re8 33. Nde3 Qg3 34. Rxg5+ Kf8 35. Nf1 Qf4 0-1